Hund oder Katze? - Statistiken

Allgemein
  • Dieses Quiz wurde 497 mal gespielt
  • Das Durchschnittsergebnis liegt bei 11 aus 18
Antwortstatistiken
Hint Antwort % Korrekt
Dackel Hund
93%
Havaneser Hund
79%
Perser Katze
79%
Deutsch Drahthaar Hund
78%
Maine Coon Katze
74%
Manx Katze
71%
Puli Hund
69%
Shih Tzu Hund
68%
Kartäuser Katze
65%
Bichon Frisé Hund
63%
Briard Hund
62%
Barsoi Hund
57%
Eurasier Hund
57%
Abessinier Katze
52%
Javanese Katze
46%
Cornish Rex Katze
42%
Löwchen Hund
32%
American Bobtail Katze
29%
Keine übereinstimmenden Quizze gefunden
Verteilung der Resultate
Anzahl Personen mit jedem Resultat
Perzentil nach korrekt beantworteten Fragen
Ihre Resultats-Entwicklung
Sie haben dieses Quiz noch nicht gespielt